| 000 | 06476nam a22006137a 4500 | ||
|---|---|---|---|
| 005 | 20111104123332.0 | ||
| 010 | _aENG-104039 B-457664-693 | ||
| 020 |
_a9788124116241 _c395.00 |
||
| 035 | _aEN-87572 B-457664-693 | ||
| 037 | _bDBAD/PUB | ||
| 037 | _bK.K.Pub/Ven | ||
| 082 | _a380.0954 | ||
| 100 |
_aJoginder Singh _91051 |
||
| 245 |
_aCBI and 2G / _cby Joginder Singh |
||
| 250 | _arev. ed | ||
| 260 |
_aNew Delhi _bHar-Anand Publications _c2012 |
||
| 270 |
_aE-49/3, Okhla Industrial Area, Phase-II _bNew Delhi _e110020 |
||
| 300 |
_a136p. _c22cm (Hb) |
||
| 500 | _aIncludes index | ||
| 700 | _935668 | ||
| 942 |
_2ddc _cEN _h380.0954 _mJOG |
||
| 999 |
_c58123 _d58123 |
||